Statistics for Borderlands: Characters, Classes, and Action Skills

Click here to take the quiz!

General Stats

  • This quiz has been taken 297 times
    (172 since last reset)
  • The average score is 26 of 48

Answer Stats

Hint Answer % Correct
BorderlandsBrick
96%
Borderlands 2Maya
94%
Borderlands 2Zer0
94%
BorderlandsLilith
94%
BorderlandsRoland
91%
Borderlands 2Axton
90%
Borderlands: the Pre-SequelClaptrap
88%
Borderlands 2Salvador
87%
ClassSiren
85%
BorderlandsMordecai
84%
Borderlands 2 DLCKrieg
84%
Borderlands 2 DLCGaige
83%
ClassGunzerker
83%
Borderlands: the Pre-Sequel DLCJack
82%
ClassAssassin
75%
Borderlands: the Pre-SequelAthena
71%
ClassCommando
70%
ClassPsycho
69%
Borderlands: the Pre-SequelWilhelm
69%
SkillPhaselock
68%
Borderlands: the Pre-SequelNisha
65%
ClassMechromancer
60%
ClassSoldier
57%
ClassHunter
54%
SkillPhasewalk
52%
SkillBloodwing
46%
Borderlands: the Pre-Sequel DLCAurelia Hammerlock
45%
SkillSummon Deathtrap
39%
ClassFragtrap
37%
ClassBerserker
36%
SkillBerserk
36%
SkillScorpio Turret
29%
ClassLawbringer
29%
ClassGladiator
28%
SkillDecepti0n
28%
ClassEnforcer
26%
ClassDoppelganger
25%
SkillGunzerking
25%
SkillSabre Turret
22%
SkillBuzz Axe Rampage
22%
ClassBaroness
20%
SkillVaultHunter.EXE
17%
SkillWolf and Saint
13%
SkillShowdown
12%
SkillExpendable Assets
7%
SkillKinetic Aspis
4%
SkillCold as Ice
4%

Score Distribution

Percentile by Number Answered

Percent of People with Each Score

Your Score History

You have not taken this quiz since the last reset